| 000 | 00771nam a2200241Ia 4500 | ||
|---|---|---|---|
| 003 | IN-BaIIA | ||
| 008 | 211028s9999 xx s 000 0 eng d | ||
| 020 | _a978-94-007-1678-0 (Print) | ||
| 020 | _a978-94-007-1679-7 (Online) | ||
| 040 | _cIIA Library | ||
| 100 |
_aKyung, Chong-Min _938789 |
||
| 245 | 0 |
_aEnergy-Aware System Design _h[eBook] |
|
| 260 |
_aDordrecht _bSpringer Netherlands _c2011 |
||
| 300 | _aOnline resource | ||
| 650 |
_a Circuits and Systems _938718 |
||
| 650 |
_a Energy Systems _921910 |
||
| 650 |
_a Signal, Image and Speech Processing _938464 |
||
| 650 | _a Solid State Physics | ||
| 650 |
_aPhysics _973 |
||
| 700 |
_aYoo, Sungjoo _938790 |
||
| 856 |
_uhttp://doi.org/10.1007/978-94-007-1679-7 _yClick Here to Access eBook |
||
| 942 | _cEB | ||
| 999 |
_c20892 _d20892 |
||